| 000 | 01094nam a2200253 i 4500 | ||
|---|---|---|---|
| 001 | 154243 | ||
| 003 | ES-MaACL | ||
| 005 | 20251009191937.0 | ||
| 008 | 950103s1854 sp |||| | spa d | ||
| 040 |
_aEUS _bspa _cEUS |
||
| 100 | 1 |
_aGaribay y Zamalloa, Esteban de. _955551 |
|
| 245 | 1 | 0 |
_aMemorias de Garibay. [Refranes vascongados / _crecogidos y ordenados por Estevan de Garibay y Çamalloa. Cartas y disertaciones de Don Juan Antonio Moguel sobre la lengua vascongada]. |
| 260 |
_aMadrid : _bReal Academia de la Historia, _c1854 ( _fImprenta de José Rodriguez) |
||
| 300 |
_aXVI, 753 p. ; _c23 cm. |
||
| 490 | 1 |
_aMemorial Histórico Español ; _v7 |
|
| 597 | _aTit. tomado de la portadilla. | ||
| 650 |
_aLengua vasca. _914329 |
||
| 650 | 4 |
_aRefranes y proverbios- _zPaís Vasco. _9137300 |
|
| 700 | 1 |
_aMogel, Juan Antonio, _d1745-1804 _9156383 |
|
| 740 | 0 | _aCartas y disertaciones de Don Juan Antonio Moguel sobre la lengua vascongada. | |
| 830 | 0 | 0 |
_aMemorial histórico español _v7 _9187759 |
| 852 |
_aES-MaACL _jC-19312 _z-- Enc. hol. |
||
| 999 |
_c154243 _d154243 |
||